000 00319nam a22001337a 4500
008 250830b |||||||| |||| 00| 0 eng d
020 _a978-93-90113-30-9
100 _aR D Hisrich
245 _aEntrepreneurship 11th Ed.
250 _a11th
260 _aIndia
_bMcGraw Hill
_c2024
300 _a558
942 _2ddc
_cBK
999 _c21427
_d21427